Statistics for Biggest Persian Gulf Cities With an Empty Map

Click here to take the quiz!

General Stats

  • This quiz has been taken 63 times
  • The average score is 5 of 8

Answer Stats

Pop City % Correct
4.63 mDubai
96%
2.40 mKuwait City
96%
1.36 mAbu Dhabi
95%
2.32 mDoha
93%
1.47 mManama
66%
1.03 mDammam
43%
0.53 mBandar Abbas
21%
0.80 mJubail
4%

Score Distribution

Percentile by Number Answered

Percent of People with Each Score

Your Score History

You have not taken this quiz